Peanuts 12 ways - Statistics

General Stats
  • This quiz has been taken 53 times
  • The average score is 5 of 12
Answer Stats
Picture Hint Answer % Correct
Peanut Butter
100%
Peanut Butter and Jelly Sandwich
79%
Peanut Brittle
77%
Peanut Buttercup
70%
Peanut Butter Cookies
60%
Ants On A Log
53%
Nutter Butter Cookies
32%
Butterfinger
30%
Satay/Peanut Sauce
26%
Honey Roasted Peanuts
17%
Israeli Snack Bamba
2%
A peanut pate wrapped in banana leaves from Madagascar Koba
0%
No matching quizzes found
Score Distribution
Percent of People with Each Score
Percentile by Number Answered
Your Score History
You have not taken this quiz